000 00421nam a2200145Ia 4500
003 GCL
008 140319s9999 xx 000 0 ara d
040 _aGCL /
_cGCL
082 0 4 _aط
_b811.009928
_bم ف
100 1 _aمحمد جبار حسن
245 1 0 _aالفراشات الهاربة: شعر /
_cمحمد جبار حسن
700 1 _aحنان شفيق
300 _a20 ص
490 _aالسلسلة الشعرية
_v0
999 _c51170
_d51170